JAMAL UL Amsal / (Record no. 332238)

000 -LEADER
fixed length control field 00516nam a22001697a 4500
003 - CONTROL NUMBER IDENTIFIER
control field NUST
005 - DATE AND TIME OF LATEST TRANSACTION
control field 20171121101135.0
008 - FIXED-LENGTH DATA ELEMENTS--GENERAL INFORMATION
fixed length control field 170320b xxu||||| |||| 00| 0 eng d
020 ## - INTERNATIONAL STANDARD BOOK NUMBER
International Standard Book Number 9789698535179
040 ## - CATALOGING SOURCE
Transcribing agency .0
082 ## - DEWEY DECIMAL CLASSIFICATION NUMBER
Classification number 891.4393 KHA
100 ## - MAIN ENTRY--PERSONAL NAME
Personal name Siddiqui,Khaliq Ahmed
9 (RLIN) 6578
245 ## - TITLE STATEMENT
Title JAMAL UL Amsal /
Statement of responsibility, etc. Prof Khaliq Ahmed Siddiqui
260 ## - PUBLICATION, DISTRIBUTION, ETC.
Place of publication, distribution, etc. Islamabad,
Name of publisher, distributor, etc. NUST,
Date of publication, distribution, etc. 2014.
300 ## - PHYSICAL DESCRIPTION
Extent 444 p. ;
Dimensions 22.5 cm.
500 ## - GENERAL NOTE
General note H.B
942 ## - ADDED ENTRY ELEMENTS (KOHA)
Source of classification or shelving scheme
Koha item type Book
Call number prefix IESE
Holdings
Withdrawn status Lost status Source of classification or shelving scheme Damaged status Not for loan Collection code Permanent Location Current Location Shelving location Date acquired Total Checkouts Full call number Barcode Date last seen Price effective from Koha item type
            Institute of Environmental Science and Engineering (IESE) Institute of Environmental Science and Engineering (IESE) General Stacks 11/21/2017   891.4393 KHA IESE-3831 11/21/2017 11/21/2017 Book
© 2023 Central Library, National University of Sciences and Technology. All Rights Reserved.